Pokédex challenge 3ème génération - Statistiques

Statistiques générales
  • Ce quiz a été pris 1 071 fois
  • Le résultat moyen est 85 sur 135
Statistiques - réponses
Numéro Nom % Correct
255 Poussifeu
99%
252 Arcko
98%
257 Brasegali
97%
258 Gobou
97%
256 Galifeu
95%
253 Massko
94%
383 Groudon
93%
260 Laggron
93%
259 Flobio
92%
254 Jungko
92%
382 Kyogre
92%
384 Rayquaza
89%
265 Chenipotte
82%
261 Medhyena
82%
263 Zigzaton
82%
264 Lineon
81%
266 Armulys
80%
262 Grahyena
80%
386 Deoxys
79%
282 Gardevoir
79%
277 Heledelle
79%
385 Jirachi
79%
276 Nirondelle
79%
268 Blindalys
78%
269 Papinox
78%
280 Tarsal
78%
281 Kirlia
77%
377 Regirock
77%
379 Registeel
77%
267 Charmillon
76%
378 Regice
76%
371 Draby
75%
373 Drattak
75%
380 Latias
75%
381 Latios
75%
323 Camerupt
74%
279 Bekipan
73%
278 Goelise
72%
309 Dynavolt
71%
310 Elecsprint
71%
270 Nenupiot
71%
322 Chamallot
69%
271 Lombre
69%
275 Tengalice
69%
321 Wailord
69%
330 Libegon
68%
272 Ludicolo
68%
376 Metalosse
68%
375 Metang
68%
287 Parecool
68%
273 Grainipiot
67%
289 Monaflemit
67%
312 Negapi
67%
274 Pifeuil
67%
311 Posipi
67%
319 Sharpedo
67%
320 Wailmer
67%
374 Terhal
65%
334 Altaria
64%
349 Barpau
64%
304 Galekid
64%
328 Kraknoix
64%
324 Chartor
63%
305 Galegon
63%
306 Galeking
63%
297 Hariyama
63%
296 Makuhita
63%
333 Tylton
63%
288 Vigoroth
63%
318 Carvanha
62%
350 Milobellus
62%
293 Chuchmur
61%
299 Tarinor
60%
372 Drackhaus
59%
338 Solaroc
59%
329 Vibraninf
59%
285 Balignon
58%
354 Branette
58%
286 Chapignon
58%
337 Seleroc
58%
355 Skelenox
58%
302 Tenefix
58%
295 Brouhabam
57%
356 Teraclope
57%
365 Kaimorse
56%
363 Obalie
56%
294 Ramboum
56%
308 Charmina
55%
353 Polichombr
55%
336 Seviper
55%
357 Tropius
55%
366 Coquiperl
54%
345 Lilia
54%
335 Mangriff
54%
364 Phogleur
54%
348 Armaldo
53%
362 Oniglali
53%
369 Relicanth
53%
367 Serpang
53%
359 Absol
52%
307 Meditikka
52%
292 Munja
51%
361 Stalgamin
51%
347 Anorith
50%
290 Ningale
50%
291 Ninjask
50%
368 Rosabyss
50%
300 Skitty
50%
327 Spinda
50%
301 Delcatty
48%
344 Kaorine
48%
346 Vacilys
48%
343 Balbuto
47%
331 Cacnea
47%
332 Cacturne
47%
303 Mysdibule
47%
315 Roselia
47%
352 Kecleon
46%
283 Arakdo
44%
351 Morpheo
44%
298 Azurill
42%
316 Gloupti
42%
317 Avaltout
41%
370 Lovdisc
41%
284 Maskadra
40%
358 Eoko
39%
325 Spoink
39%
326 Groret
38%
340 Barbicha
36%
314 Lumivole
36%
313 Muciole
36%
339 Barloche
35%
341 Ecrapince
35%
342 Colhomard
32%
360 Okeoke
32%
Aucun quiz correspondant
Distribution des résultats
% des personnes avec chaque résultat
Percentile par nombre de réponses
Votre historique - résultats
Vous n’avez pas pris ce quiz